000 01037naa a22002777a 4500
001 BR7405000
003 BR-BrBNA
005 20240918173556.0
007 ta
008 230509b bl.||||| |||| 00| 0 por d
040 _aBR-BrBNA
_bpor
_cBiblioteca Nacional de Agricultura
041 _a(Pt)
072 _aK10
090 _aK10 BR7405000
100 1 _aPedroso, L.M.
111 1 _a2. Congresso Florestal Brasileiro
_cCuritiba, PR (Brazil)
_d17 Sep 1973
245 1 _aInformacoes sobre o atual comportamento de especies exoticas na regiao do medio Amazonas [producao florestal, reflorestamento, Brasil]
260 3 _aCuritiba, PR (Brasil):
_c1974.
500 _aAnais do 2. Congresso Florestal Brasileiro Curitiba, PR (Brasil): 1974. p. 46 (BR7405000-AM)K10
650 _aPRODUCAO FLORESTAL
650 _aREFLORESTAMENTO
650 _aMEDIO AMAZONAS
773 0 _tAnais do 2. Congresso Florestal Brasileiro
_wK10 BR7405000
_gCuritiba, PR (Brasil), 1974. p. 46
909 _a202404
_bLucia
_c55
_dLucia Elande
942 _cAM
_2AGRIS
999 _c305512
_d305512